000 00489nam a2200181Ia 4500
005 20250923144441.0
008 008 250917s9999 xx 000 0 eng d
037 _aTextual
040 _aDSWL
_beng
_cDSWL
041 _aeng
_2eng
084 _qDSWL
100 _aGupta, B.G.
_9825035
245 0 _aSocial welfare forum ,1950
_cby B.G. Gupta
260 _aNew York
_b Columbia Univ Press
_c1950
300 _axvii,344p.
942 _cTEXL
999 _c1439030
_d1439030